LEADER 01500nam a2200349 a 4500 001 000000122846 003 CaOOAMICUS 005 20120504105211.0 008 100831t2010 vc ofh u000 u ita r 020 $a978-88-209-8383-3 040 $aPUL$bita$dReb 082 04$a232.9 100 0 $aBenedictus PP.$bXVI,$d1927-2022.$0(OLS)http://pul/name/14991 245 10$aGesł Cristo :$bspiegato dal Papa /$cBenedetto XVI ; a cura di Giuliano Vigini. 260 $aCittą del Vaticano :$bLibreria editrice vaticana,$c©2010. 300 $a84 p.$c21 cm 500 $aAppendici p. [73]-84. 650 04$aCristologia.$0(OLS)http://pul/subject/1402 700 1 $aVigini, Giuliano,$d1946-$0(OLS)http://pul/name/35667 850 $aPUL 852 $aPUL$W1$xSL Religione 3$y85$m232. 9 VIGGI 1$j141080$qDDC 21$B140171$CPULBib$Z2$F140171 $H113709 $82 900 $aRatzinger, Joseph,$ccard.,$d1927-2022$914991 900 $aBenedetto XVI,$cpapa,$d1927-$914991 910 $aPapi (2005-2013 : Benedictus PP. XVI)$914991 910 $aPapi (2005-2013 : Benedictus PP. XVI)$914991 941 1 $a9 960 $aIesus Christus$91402 960 $aIesus Christus$91402 996 $6020$a978-88-209-8383-3$9(OLS)http://pul/number/145259 996 $6082$a232.9$9(OLS)http://pul/classification/575 996 $6245$aGesł Cristo :$bspiegato dal Papa$9(OLS)http://pul/title/154853 996 $6260$aCittą del Vaticano :$bLibreria editrice vaticana$9(OLS)http://pul/publisher/47920 LEADER 01166nam a2200277 a 4500 001 000000175863 003 CaOOAMICUS 005 20230413144717.0 008 230413s2006 it u000 u ita r 020 $a978-88-7878-134-4* 032 $aLibriCat 040 $aPUL$bita 082 04$a232 100 1 $aMartinez, Salvatore.$0(OLS)http://pul/name/69017 245 10$aCristoterapia della gioia :$bper riscoprire il potere della preghiera / $cSalvatore Martinez. 260 $aRoma :$bRinnovamento dello Spirito Santo,$c©2006. 300 $a232 p. ;$c20 cm 504 $aInclude riferimenti bibliografici. 850 $aPUL 852 $aPUL$W1$xSL Religione 3$y85$m232 MARSA 1$j200024$b2a ristampa 2009$qDDC 21$B204808$CPULBib$Z2$F204808 $H136216 $82 941 1 $a9 996 $6020$a978-88-7878-134-4*$9(OLS)http://pul/number/169113 996 $6082$a232$9(OLS)http://pul/classification/381 996 $6245$aCristoterapia della gioia :$bper riscoprire il potere della preghiera / $9(OLS)http://pul/title/217336 996 $6260$aRoma :$bRinnovamento dello Spirito Santo$9(OLS)http://pul/publisher/70382